000 00951nam a2200265 i 4500
001 66676
003 ES-MaACL
005 20240523155026.0
007 t|
008 020611s2002 sp a ||||0| spa d
020 _a84-95634-18-X
080 _a(05)(460.154 S.S.)(083.824)
245 0 0 _aChicos
_b: semanario infantil, 1938-1956 : el arte en viñetas : [exposición Biblioteca Nacional, 9 de mayo al 1 de septiembre de 2002] /
_cdirección, Antonio de Mateo Remacha.
260 _a[Madrid] :
_bSinsentido,
_c[2002]
300 _a91 p. :
_bprincipalmente il. ;
_c22 cm.
504 _aBibliografía: p. 83-84.
630 0 7 _aChicos-
_vExposiciones.
_9119758
650 4 _aCómics-
_zEspaña
_911174
655 7 _2tgfbne
_9193628
_aCatálogos de exposiciones
700 1 _aMateo Remacha, Antonio de.
_978964
710 2 _aBiblioteca Nacional (España)
_92188
852 _aES-MaACL
_jL-27150
942 _2udc
999 _c66676
_d66676